00377nam a2200145Ia 4500008004100000020001500041041001200056082001600068100001700084245006400101260002500165300000800190650001600198700001700214221030s9999 xx 000 0 und d a8120314654 aEnglish a105.23bHan aG. W. Hansen 0aDatabase Management & Designcby G. W. Hansen, J. V. Hansen bPHIaNew Delhic2001 a582 aBE Computer aJ. V. Hansen